Library Catalog

None of this is true / (Record no. 492742)

MARC details
000 -LEADER
fixed length control field 00850nam a22001937a 4500
003 - CONTROL NUMBER IDENTIFIER
control field OSt
005 - DATE AND TIME OF LATEST TRANSACTION
control field 20260513110220.0
008 - FIXED-LENGTH DATA ELEMENTS--GENERAL INFORMATION
fixed length control field 260513b |||||||| |||| 00| 0 eng d
020 ## - INTERNATIONAL STANDARD BOOK NUMBER
International Standard Book Number 9781529195972
040 ## - CATALOGING SOURCE
Original cataloging agency Kenya National Library Service
082 ## - DEWEY DECIMAL CLASSIFICATION NUMBER
Classification number 823.914 JEW
100 ## - MAIN ENTRY--PERSONAL NAME
Personal name Jewell, Lisa
Relator term author
245 ## - TITLE STATEMENT
Title None of this is true /
Statement of responsibility, etc. Lisa Jewell
300 ## - PHYSICAL DESCRIPTION
Extent 391 pages ;
Dimensions 24 cm
520 ## - SUMMARY, ETC.
Summary, etc. Celebrating her forty-fifth birthday at her local pub, popular podcaster Alix Summers crosses paths with an unassuming woman called Josie Fair. Josie, it turns out, is also celebrating her forty-fifth birthday. They are, in fact, birthday twins. A few days later, Alix and Josie bump into each other again, this time outside Alix's children's school.
942 ## - ADDED ENTRY ELEMENTS (KOHA)
Source of classification or shelving scheme Dewey Decimal Classification
Koha item type Books
Suppress in OPAC No

No items available.

© 2025, Kenya National Library Service | Designed & Maintained by Uvumbuzi Center